000 00772nam a2200229 a 4500
001 000018794
005 20240412074248.0
008 100519s2010 dr r 000 p spa d
020 _a9789945163452
040 _aDO-SdBNP
_bspa
_cBNPHU
082 _aRD861.44
_bE91zI
100 1 _aEusebio, Enríque
_927213
245 1 0 _aInventos del instante, instantes rotos :
_bserrata 2010 /
_cEnríque Eusebio.
260 _aSanto Domingo :
_bHecho en Casa
_fBúho
_c2010.
300 _a100 p. ;
_c24 cm.
500 _aIncluye datos biográficos del autor en las solapas
504 _aBibliografía : p. 11-15
600 1 4 _aEUSEBIO, ENRÍQUE
_xCRÍTICA E INTERPRETACIÓN
_940531
650 0 _aPoesía dominicana
_966
650 0 _aLiteratura dominicana.
_967
049 _aEn proceso
999 _c18314
_d18314